Statistics for Countries with Seven Letters Quiz

Click here to take the quiz!

General Stats

  • This quiz has been taken 4,940 times
    (3,743 since last reset)
  • The average score is 24 of 41

Answer Stats

Country% Correct
Finland
83%
Germany
81%
Iceland
77%
Ireland
77%
Albania
76%
Denmark
73%
Andorra
72%
Austria
72%
Belgium
72%
Hungary
71%
Estonia
70%
Bolivia
68%
Croatia
68%
Algeria
67%
Belarus
66%
Ecuador
64%
Uruguay
64%
Romania
62%
Vanuatu
58%
Ukraine
56%
Armenia
55%
Jamaica
53%
Morocco
53%
Nigeria
53%
Bahamas
52%
Moldova
52%
Vietnam
51%
Tunisia
50%
Namibia
49%
Somalia
47%
Georgia
46%
Lebanon
46%
Eritrea
45%
Grenada
45%
Senegal
45%
Liberia
43%
Bahrain
41%
Burundi
41%
Lesotho
38%
Comoros
35%
Myanmar
34%

Score Distribution

Percentile by Number Answered

Percent of People with Each Score

Your Score History

You have not taken this quiz since the last reset